| 000 | 00974cam a22002774i 4500 | ||
|---|---|---|---|
| 005 | 20200104041555.0 | ||
| 008 | 990223s2000 nyuab b 001 0 eng | ||
| 020 | _a0231109768 (alk. paper) | ||
| 020 | _a0231109776 (pbk. : alk. paper) | ||
| 040 |
_aDLC _cDLC _dDLC _dCO-BoIAVH |
||
| 041 | _aeng | ||
| 044 | _axxu | ||
| 082 | 0 | 4 |
_a333.95416 _bH94h |
| 245 | 0 | 0 |
_aHunting for sustainability in tropical forests / _cJohn G. Robinson and Elizabeth L. Bennett, editors. |
| 260 |
_aNew York : _bColumbia University Press, _cc2000. |
||
| 300 |
_axxi, 582 p. : _bill., maps ; _c27 cm. |
||
| 490 | 0 | 0 | _aBiology and resource management series |
| 650 | 1 | 4 | _aCaza |
| 650 | 2 | 4 | _aConservación de la vida silvestre |
| 650 | 2 | 4 | _aConservación de especies |
| 650 | 2 | 4 | _aConservación biológica |
| 650 | 2 | 4 | _aBosques tropicales |
| 700 | 1 |
_aRobinson, John G., _eeditor |
|
| 700 | 1 |
_aBennett, Elizabeth L., _eeditor |
|
| 942 |
_2ddc _cLIBRO |
||
| 999 |
_c5020 _d5020 |
||